Crop shift under agriculture neoliberalism: Impact of the shift to natural rubber cultivation in Tripura (Record no. 56549)

MARC details
000 -LEADER
fixed length control field 00578nam a2200133Ia 4500
100 ## - MAIN ENTRY--AUTHOR NAME
Personal name Mohanakumar S
245 #0 - TITLE STATEMENT
Title Crop shift under agriculture neoliberalism: Impact of the shift to natural rubber cultivation in Tripura
260 ## - PUBLICATION, DISTRIBUTION, ETC. (IMPRINT)
Name of publisher National Seminar on Building Competitiveness in a Globalised World: Experience of Indias Plantation Sector, 23-24 January 2012, Centre for Development Studies, Thiruvananthapuram, India, pp.213-231.
650 ## - SUBJECT ADDED ENTRY--TOPICAL TERM
Topical Term Crop mix
650 ## - SUBJECT ADDED ENTRY--TOPICAL TERM
Topical Term Crop shift
650 ## - SUBJECT ADDED ENTRY--TOPICAL TERM
Topical Term Mono-crop system
942 ## - ADDED ENTRY ELEMENTS (KOHA)
Koha item type Journals
Holdings
Withdrawn status Lost status Damaged status Not for loan Home library Current library Shelving location Date acquired Koha item type
      Journals RRII Library RRII Library Economics 01/01/2021 Journals